000 00719cam a22002414a 4500
020 _a0415239583
020 _a0415239591 (pb)
020 _a1841420131
020 _a1841420123 (pb)
040 _cDLC
082 0 0 _a333 SPO 2001 A070 Or.
245 0 0 _aMethods of environmental impact assessment /
246 3 0 _aEnvironmental impact assessment
250 _a2nd ed.
260 _aLondon ;
_aNew York :
_bSpon Press,
_c2001.
300 _axiv, 492 p. :
_bill. ;
_c24 cm.
650 0 _aEnvironmental impact analysis
650 0 _aEnvironmental impact analysis
700 1 _aMorris, Peter,
700 1 _aTherivel, Riki,
856 4 2 _uhttp://www.loc.gov/catdir/enhancements/fy0702/00068766-d.html
942 _cEK
999 _c14780
_d14780